| 000 | 00665cab a2200217 4500 | ||
|---|---|---|---|
| 001 | WB3338-47 | ||
| 008 | 090401t1997 xxu||||| |||| 00| 0 eng d | ||
| 035 | _a(Sirsi) u81168 | ||
| 041 | _aeng | ||
| 245 | _aForests cash flow | ||
| 260 | _c1997 | ||
| 350 | _a0 | ||
| 490 |
_aEstates Gazette _v(9739) 27 September 1997, 172(1) |
||
| 520 | _aStrong demand for plantations nearing maturity has boosted the market despite timber prices falling, according to the fourth IPD Forestry Index. Table. | ||
| 650 | _aFORESTRY INVESTMENT | ||
| 650 | _aIPD FORESTRY INDEX | ||
| 650 | _aTIMBER PRICES | ||
| 690 | _aRURAL PRACTICE | ||
| 942 | _n0 | ||
| 948 | _c30/09/1997 | ||
| 999 |
_c51155 _d51155 |
||